| 000 | 00710nam a2200217 a 4500 | ||
|---|---|---|---|
| 001 | 000042559 | ||
| 005 | 20201002040232.0 | ||
| 008 | 140127s1979 sp 000 0 spa d | ||
| 020 | _a8430107304 | ||
| 040 |
_aDO-SdBNP _bspa _cBNPHU |
||
| 082 |
_axxxxxx _bxxxxxx |
||
| 100 | 1 |
_aCastillo, José M., _d1929- _969807 |
|
| 245 | 1 | 3 |
_aLa Alternativa Cristiana : _bhacia una iglesia del pueblo / _cJosé M. Castillo. |
| 250 | _a4a ed. | ||
| 260 |
_aSalamanca, España, : _bSigueme, _c1979. |
||
| 300 |
_a353 p. ; _c22 cm. |
||
| 490 | 1 |
_aVerdad e imagen _v52 |
|
| 500 | _aIncluye referencias bibliográficas y notas al pie de las páginas | ||
| 590 | _aInventariado, 2019/VM | ||
| 830 | 0 |
_aVerdad e imagen _n52 _969808 |
|
| 999 |
_c42048 _d42048 |
||